00367 2200157 4500001002100000005001500021035002000036245003400056100002000090300001200110260003100122082000800153084001400161020002200175990001200197INLIS00000000000179420250506092905 a0010-05250000861 aPemimpi(n) /cWildan Alamsyah0 aWildan Alamsyah a202 hlm aJakarta :bLoveable,c2019 a813 a813 WIL p a978-623-7211-41-9 a0754579